000 00499nam a2200145Ia 4500
008 151213s9999 xx 000 0 und d
100 _aমঈনুল হোসেন।
245 _aগণতন্ত্রের সাফল্য চাহিয়াছি।
_cমঈনুল হোসেন।
260 _aঢাকা
_bসিটি।
_c2009
300 _a8650 p.
650 _aBangla
650 _aইতিহাস।
700 _aমঈনুল হোসেন।
999 _c4437
_d4437